Experiencias hechas con el aparato de medir bases perteneciente a la Comisión del Mapa de España. (Record no. 53482)

MARC details
000 -LEADER
campo de control de longitud fija 00507nam a22001455i 4500
001 - NÚMERO DE CONTROL
campo de control 53482
003 - IDENTIFICADOR DE NÚMERO DE CONTROL
campo de control ES-MaACL
007 - CAMPO FIJO DE DESCRIPCIÓN FÍSICA--INFORMACIÓN GENERAL
campo de control de longitud fija t|
008 - DATOS DE LONGITUD FIJA--INFORMACIÓN GENERAL
campo de control de longitud fija 940202s1859 sp a ||||1| spa d
040 ## - FUENTE DE CATALOGACIÓN
Centro catalogador/agencia de origen AS
Lengua de catalogación spa
245 00 - MENCIÓN DEL TÍTULO
Título Experiencias hechas con el aparato de medir bases perteneciente a la Comisión del Mapa de España.
260 ## - PUBLICACIÓN, DISTRIBUCIÓN, ETC.
Lugar de publicación, distribución, etc. Madrid :
Nombre del editor, distribuidor, etc. [s.n.],
Fecha de publicación, distribución, etc. 1859 (
Fabricante Imprenta y estereotipia de M. Rivadeneyra)
300 ## - DESCRIPCIÓN FÍSICA
Extensión VIII, 235, CXLVII, [23] h. pleg., VII h. de lám. pleg. ;
Dimensiones 27 cm.
852 ## - LOCALIZACIÓN
Ubicación ES-MaACL
Número de control de estantería B-5372
Holdings
Estatus retirado Estado de pérdida Estado de daño No para préstamo Colección Biblioteca de origen Biblioteca actual Ubicación en estantería Fecha de adquisición Fuente de adquisición Total de préstamos Signatura topográfica completa Código de barras Visto por última vez Precio de reemplazo Tipo de ítem Koha
        Libros del s. XIX Biblioteca del Ateneo de Madrid Biblioteca del Ateneo de Madrid Sala Pardo Bazán 17/01/2008     B-5372 1056197 23/02/2023 23/02/2023 Libro impreso antiguo